01296 2200217 4500001002100000005001500021035002000036007000300056008004100059020002200100100001900122245007700141250001000218260003200228300003200260082001200292084001800304500070300322650001701025990003601042INLIS00000000000695920251008113555 a0010-0925000087ta251008 0 ind  a978-623-7145-20-21 aAhmad, Junaidi1 aKhalid bin walid : Panglima perang yang tak terkalahkan /cJunaidi Ahmad acet.1 aYogyakarta :bAraska,c2019 a264 hlm :bilus. ;c20,5 cm a297.648 a297.648 Ahm k aKhalid bin Walid adalah salah satu panglima perang pasukan Islam yang terkemuka pada abad pertama Hijriah. Ia dikenang dalam catatan sejarah sebagai panglima perang yang tak pernah menelan kekalahan dalam peperangan manapun. Baik sebelum maupun sesudah memeluk Islam. Ia dikenal sebagai panglima perang yang ahli strategi dan taktik bertempur. Buku ini mengupas salah satu pejuang Muslim yang melaksanakan penyebaran dakwah Islam di seluruh Jazirah Arab, negeri-negeri Persia, Syam, dan yang lainnya. Namanya sangat Masyhur dalam catatan sejarah. Ia dikenal sebagai “Pedang Allah yang terhunus” untuk melawan orang-orang murtad dan memusuhi Allah. Dialah Khalid, putra Al-Walid bin Al-Mughirah. 4aSahabat Nabi ac.1(176/Polbangtanyoma/ha/2025)